000 00800nas a2200265 4500
001 BR9512364
003 BR-BrBNA
005 20231205095634.0
007 ta
008 230509b bl.|||p| |||| 00| 00por d
040 _aBR-BrBNA
_bpor
_cBiblioteca Nacional de Agricultura
041 _a(Pt)
072 _aH20
100 1 _aOliveira, C.M.G.
100 1 _aBessi, R.
100 1 _aMorais, S.R.A.C.
100 1 _aInomoto, M.M.
245 1 _aReacao da ornamental bico-de-papagaio a cinco especies de fitonematoides
650 _aBico-de-Papagaio
650 _aNematoide
650 _aComportamento de Variedade
773 0 _tFitopatologia Brasileira (Brazil)
_xISSN 0100-4158
_g(Sep 1995), v. 20(3) p. 504-505
_wBR9512364
909 _a202311
_bLúcia
_c55
_dLúcia Elande
942 _2AGRIS
_n0
_cANA
999 _c151852
_d151852